GRE Words AB-AN Quiz Stats

 Plays Quiz not verified by Sporcle

Challenge
Share
Tweet
Embed
Score 0/40 Timer 10:00
0 Plays Today
% Correct
Amulet
87.4%
Aesthetic
86.8%
Anarchy
84.2%
Abscond
83.7%
Ambrosia
83.2%
Anachronism
81.6%
Alchemy
81.1%
Analogous
80.5%
Aberrant
78.9%
Ambiguous
78.4%
Abdicate
77.9%
Adulterate
76.3%
Analgesic
75.8%
Abscission
74.7%
Ambivalence
74.7%
Alacrity
73.2%
Amenable
71.6%
Allure
71.1%
Adamant
69.5%
Admonish
68.9%
% Correct
Ameliorate
68.9%
Affinity
68.4%
Abysmal
67.9%
Alloy
67.9%
Abstinence
67.4%
Aggregate
67.4%
Abeyance
65.8%
Abstemious
64.7%
Aggrandize
63.7%
Amalgamate
58.4%
Adjunct
57.9%
Alleviate
56.3%
Abate
54.7%
Amenity
54.7%
Affected
54.2%
Abjure
48.4%
Accrue
46.8%
Abject
44.2%
Accretion
43.2%
Allay
33.7%

You're not logged in!

Compare scores with friends on all Sporcle quizzes.
OR
Log In

You Might Also Like...

Show Comments

Extras

Created Jul 8, 2016ReportNominate
Tags:Vocabulary Quiz, gre

Top Quizzes Today


Score Distribution

Your Account Isn't Verified!

In order to create a playlist on Sporcle, you need to verify the email address you used during registration. Go to your Sporcle Settings to finish the process.

Report this User

Report this user for behavior that violates our Community Guidelines.

Details: